000 00479nam a2200181Ia 4500
008 151018s9999 xx 000 0 und d
082 _bRBASDV17425
_a891.433
100 _aराणू
245 _aहरसिंगार
250 _b1
260 _bहिंद पॉकेट बुक्स
300 _a187
600 _aराणू
630 _aहरसिंगार
700 _aराणू
730 _aहरसिंगार
942 _cBOOK
999 _c1018103
_d1018100